Take two (Record no. 83203)
[ view plain ]
| 000 -LEADER | |
|---|---|
| fixed length control field | 01021cab a22002175a 4500 |
| 001 - CONTROL NUMBER | |
| control field | L153134 |
| 008 - FIXED-LENGTH DATA ELEMENTS--GENERAL INFORMATION | |
| fixed length control field | 110613e2011 xxk 000 0 eng d |
| 035 ## - SYSTEM CONTROL NUMBER | |
| System control number | (Sirsi) u153134 |
| 041 0# - LANGUAGE CODE | |
| Language code of text/sound track or separate title | eng |
| 100 1# - MAIN ENTRY--PERSONAL NAME | |
| Personal name | Forrester, Peter |
| 245 00 - TITLE STATEMENT | |
| Title | Take two |
| Remainder of title | views on new service charge code |
| 260 ## - PUBLICATION, DISTRIBUTION, ETC. | |
| Date of publication, distribution, etc. | 2011 |
| 490 #0 - SERIES STATEMENT | |
| Series statement | Property Week |
| Volume/sequential designation | 77(23) 10 June 2011, 71(1) |
| 520 ## - SUMMARY, ETC. | |
| Summary, etc. | Presents two views on the revised May 2011 edition of RICS's "Service charges in commercial property: RICS code of practice" (see L152885) lead technical author of the new code, Peter Forrester, and Warren Gordon, lawyer. |
| 590 ## - LOCAL NOTE (RLIN) | |
| Local note | KA |
| 651 #4 - SUBJECT ADDED ENTRY--GEOGRAPHIC NAME | |
| Geographic name | England and Wales |
| Chronological subdivision | 1543- |
| 690 ## - LOCAL SUBJECT ADDED ENTRY--TOPICAL TERM (OCLC, RLIN) | |
| Topical term or geographic name as entry element | PROPERTY-COMMERCIAL PROPERTY-LEASEHOLD COMMERCIAL PROPERTY-COMMERCIAL LANDLORD AND TENANT-COMMERCIAL SERVICE CHARGES |
| 700 1# - ADDED ENTRY--PERSONAL NAME | |
| Personal name | Gordon, Warren |
| 856 40 - ELECTRONIC LOCATION AND ACCESS | |
| Uniform Resource Identifier | <a href="https://www.rics.org/site/download_feed.aspx?fileID=9486&fileExtension=PDF">https://www.rics.org/site/download_feed.aspx?fileID=9486&fileExtension=PDF</a> |
| Public note | View the new RICS code of practice free of charge (member only access) at www.rics.org/guidance |
| 942 ## - ADDED ENTRY ELEMENTS (KOHA) | |
| Suppress in OPAC | 0 |
| Withdrawn status | Lost status | Source of classification or shelving scheme | Damaged status | Not for loan | Home library | Current library | Shelving location | Date acquired | Total Checkouts | Full call number | Barcode | Date last seen | Copy number | Price effective from | Koha item type |
|---|---|---|---|---|---|---|---|---|---|---|---|---|---|---|---|
| Dewey Decimal Classification | London | London | Journal article | 13/06/2011 | L153134 | 153134-1001 | 06/08/2019 | 1 | 06/08/2019 | Journal article |